000 00608cam a2200169 4500
001 WB3525-23
008 000000n1999 000 0 eng u
035 _a(Sirsi) u102469
245 _aPlanning application statistics.
260 _c1999
490 _aDETR News Release
_v(537) 25 June 1999(21)
520 _aThe DETR has released the planning application statistics for the first quarter of 1999.Includes statistics. Also available at http://www.planning.detr.gov.uk/pd/0399/index.htm
650 _aPLANNING APPLICATIONS
650 _aSTATISTICS
690 _aPLANNING LAW AND PRACTICE
942 _n0
999 _c61481
_d61481